000 00442cam a2200193 4500
001 D12391
008 090401t1967 xxu||||| |||| 00| 0 eng d
035 _a(Sirsi) u3149
041 _aeng
100 _aCheshire, G.C.
245 4 _aThe modern law of real property
250 _a10th rev
260 _aLondon
_bButterworths
_c1967
350 _a0
520 _aShelf 152
700 _aDavies, J.D.
942 _n0
948 _c04/03/1997
999 _c85851
_d85851